Baroque painting in Madrid : (Record no. 26373)

000 -LEADER
fixed length control field 01113pam a2200301 a 4500
001 - CONTROL NUMBER
control field 1932437
003 - CONTROL NUMBER IDENTIFIER
control field OSt
005 - DATE AND TIME OF LATEST TRANSACTION
control field 20170204094733.0
008 - FIXED-LENGTH DATA ELEMENTS--GENERAL INFORMATION
fixed length control field 860312s1986 moua b s001 0beng
010 ## - LIBRARY OF CONGRESS CONTROL NUMBER
LC control number 86006939
020 ## - INTERNATIONAL STANDARD BOOK NUMBER
International Standard Book Number 082620614X (alk. paper)
040 ## - CATALOGING SOURCE
Original cataloging agency DLC
Transcribing agency DLC
Modifying agency DLC
043 ## - GEOGRAPHIC AREA CODE
Geographic area code e-sp---
050 00 - LIBRARY OF CONGRESS CALL NUMBER
Classification number ND813.C58
Item number S85 1986
082 00 - DEWEY DECIMAL CLASSIFICATION NUMBER
Classification number 759.6
-- B
Edition number 19
100 1# - MAIN ENTRY--PERSONAL NAME
Personal name Sullivan, Edward J.
245 10 - TITLE STATEMENT
Title Baroque painting in Madrid :
Remainder of title the contribution of Claudio Coello with a catalogue raisonné of his works /
Statement of responsibility, etc. Edward J. Sullivan.
260 ## - PUBLICATION, DISTRIBUTION, ETC. (IMPRINT)
Place of publication, distribution, etc. Columbia :
Name of publisher, distributor, etc. University of Missouri Press,
Date of publication, distribution, etc. 1986.
300 ## - PHYSICAL DESCRIPTION
Extent xi, 293 p. :
Other physical details ill. ;
Dimensions 29 cm.
500 ## - GENERAL NOTE
General note Includes index.
504 ## - BIBLIOGRAPHY, ETC. NOTE
Bibliography, etc Bibliography: p. 276-287.
600 10 - SUBJECT ADDED ENTRY--PERSONAL NAME
Personal name Coello, Claudio,
Dates associated with a name 1642-1693.
600 10 - SUBJECT ADDED ENTRY--PERSONAL NAME
Personal name Coello, Claudio,
Dates associated with a name 1642-1693
General subdivision Criticism and interpretation.
650 #0 - SUBJECT ADDED ENTRY--TOPICAL TERM
Topical term or geographic name as entry element Painting, Baroque
Geographic subdivision Spain
-- Madrid.
650 #0 - SUBJECT ADDED ENTRY--TOPICAL TERM
Topical term or geographic name as entry element Painters
Geographic subdivision Spain
Form subdivision Biography.
906 ## - LOCAL DATA ELEMENT F, LDF (RLIN)
a 7
b cbc
c orignew
d 1
e ocip
f 19
g y-gencatlg
942 ## - ADDED ENTRY ELEMENTS (KOHA)
Source of classification or shelving scheme
Koha item type Hard Covered Materials
Classification part ND 813 .C58S85 1986
Holdings
Withdrawn status Lost status Source of classification or shelving scheme Damaged status Not for loan Home library Current library Shelving location Date acquired Source of acquisition Total Checkouts Full call number Barcode Date last seen Price effective from Koha item type
          MACHAKOS UNIVERSITY LIBRARY MACHAKOS UNIVERSITY LIBRARY Technical section 04/02/2017 Donation (BFA)   ND 813 .C58S85 1986 33962 13/07/2018 04/02/2017 Hard Covered Materials
© Machakos University Library, Along The Highway, Machakos Wote Rd, Machakos, Kenya P.O. Box 136 - 90100 Machakos - Kenya

Tel: ( +254 ) 723 805829 OR Fax : 044-20353 OR Email: library@mksu.ac.ke